| 000 | 00747nam a22002297a 4500 | ||
|---|---|---|---|
| 999 |
_c1455 _d1455 |
||
| 003 | AR-CdUCM | ||
| 008 | 190227b ||||| |||| 00| 0 spa d | ||
| 040 |
_aMUNICIPALIDAD PROVINCIAL DEL CUSCO _cBIBLIOTECA MUNICIPAL DEL CUSCO |
||
| 082 |
_a868 / _bC78 |
||
| 100 |
_aCorbet, Charles _95509 |
||
| 245 | _aLa Literatura Rusa / | ||
| 260 |
_aEspaña : _bVergara ; _c1958. |
||
| 300 |
_a230 páginas _c18cm |
||
| 505 | _aLa literatura de tradición oral -- La literatura de tradición escrita -- El sentimentalismo -- Krylov y Griboiedov --Lermontov | ||
| 650 |
_aNovela _9572 |
||
| 650 |
_aRealismo _9520 |
||
| 650 |
_aProsa _92210 |
||
| 650 |
_aPoesía _9139 |
||
| 650 |
_aRelatos _9195 |
||
| 942 |
_2ddc _cLIBROS |
||
| 945 |
_anom _d2019-02-27 |
||